[Event "Titled Tuesday intern op 12th Sep Late"]
[Site "Chess.com INT"]
[Date "2023.09.12"]
[Round "1"]
[White "Lamaze, Simon"]
[Black "Stanisz, Patryk"]
[Result "0-1"]
[WhiteElo "2417"]
[BlackElo "2149"]
[PlyCount "116"]
[EventDate "2023.09.12"]
[EventType "swiss (blitz)"]
[EventRounds "11"]
[EventCountry "USA"]
[SourceTitle "EXT 2024"]
[Source "ChessBase"]
[SourceDate "2023.10.10"]
[SourceVersion "1"]
[SourceVersionDate "2023.10.10"]
[SourceQuality "1"]

1. c4 c6 2. d4 d5 3. cxd5 cxd5 4. Bg5 Nc6 5. Nc3 a6 6. Nf3 Nf6 7. Bxf6 gxf6 8. e3 Bg4 9. Be2 e6 10. Nd2 Bf5 11. 0-0 Bd6 12. g3 Rc8 13. Nf3 h5 14. Nh4 Bg6 15. Bd3 Bxd3 16. Qxd3 f5 17. Ne2 Be7 18. Nxf5 exf5 19. Qxf5 Qd7 20. Qf3 h4 21. Nf4 hxg3 22. hxg3 Rd8 23. Kg2 Bg5 24. Rh1 Rxh1 25. Rxh1 Bxf4 26. Qxf4 Qe6 27. Kf3 Ke7 28. Rh6 Qe4+ 29. Qxe4+ dxe4+ 30. Kxe4 Rc8 31. g4 Na5 32. b3 Rc2 33. Rb6 Rxf2 34. b4 Nc4 35. Rxb7+ Kf8 36. Ra7 Rxa2 37. Kd3 Nd6 38. d5 Ra3+ 39. Ke2 Nc4 40. Ra8+ Kg7 41. Re8 Rb3 42. g5 Rxb4 43. Kd3 Nd6 44. Rd8 Nb5 45. d6 Rb3+ 46. Kd2 Rb2+ 47. Kd3 Rb1 48. Kd2 Rb2+ 49. Kc1 Rb3 50. Kc2 Rc3+ 51. Kd2 Rc6 52. d7 Rd6+ 53. Ke2 a5 54. e4 a4 55. g6 a3 56. Rb8 Nc3+ 57. Ke3 Rxd7 58. Rb3 a2 0-1

[Event "Titled Tuesday intern op 12th Sep Late"]
[Site "Chess.com INT"]
[Date "2023.09.12"]
[Round "2"]
[White "Manukyan, Sargis A"]
[Black "Stanisz, Patryk"]
[Result "1-0"]
[WhiteElo "2237"]
[BlackElo "2149"]
[PlyCount "67"]
[EventDate "2023.09.12"]
[EventType "swiss (blitz)"]
[EventRounds "11"]
[EventCountry "USA"]
[SourceTitle "EXT 2024"]
[Source "ChessBase"]
[SourceDate "2023.10.10"]
[SourceVersion "1"]
[SourceVersionDate "2023.10.10"]
[SourceQuality "1"]

1. d4 d5 2. c4 c6 3. Nc3 Nf6 4. e3 e6 5. Nf3 Nbd7 6. Bd3 dxc4 7. Bxc4 b5 8. Bd3 b4 9. Na4 c5 10. dxc5 Bxc5 11. Nxc5 Nxc5 12. Bb5+ Ke7 13. Qc2 Qb6 14. Be2 Bb7 15. 0-0 Rac8 16. b3 Nce4 17. Qb2 Nc3 18. a3 a5 19. axb4 axb4 20. Bc4 Rhd8 21. Bd2 Nfe4 22. Bxc3 Nxc3 23. Nd4 Kf8 24. Ne2 Qc6 25. f3 Qc5 26. Kf2 Nd5 27. Qd4 Nb6 28. Qh4 Nxc4 29. bxc4 Rd3 30. Nd4 Kg8 31. Rac1 e5 32. Nf5 g6 33. Ne7+ Kg7 34. Rfe1 1-0

[Event "Titled Tuesday intern op 12th Sep Late"]
[Site "Chess.com INT"]
[Date "2023.09.12"]
[Round "4"]
[White "Mendes, Aaron Reeve"]
[Black "Stanisz, Patryk"]
[Result "0-1"]
[WhiteElo "2250"]
[BlackElo "2149"]
[PlyCount "126"]
[EventDate "2023.09.12"]
[EventType "swiss (blitz)"]
[EventRounds "11"]
[EventCountry "USA"]
[SourceTitle "EXT 2024"]
[Source "ChessBase"]
[SourceDate "2023.10.10"]
[SourceVersion "1"]
[SourceVersionDate "2023.10.10"]
[SourceQuality "1"]

1. e4 c5 2. Nf3 Nc6 3. Bb5 g6 4. Bxc6 dxc6 5. d3 Bg7 6. Nc3 Nf6 7. h3 Nd7 8. Be3 e5 9. Qd2 h6 10. Nh2 Qe7 11. Ne2 Nf8 12. 0-0-0 Ne6 13. f4 exf4 14. Nxf4 Nxf4 15. Bxf4 Be6 16. Qa5 Qf6 17. Be3 Qxb2+ 18. Kd2 Qb4+ 19. Qxb4 cxb4 20. Bc5 Bc3+ 21. Ke2 Bxa2 22. Nf3 Be6 23. Rb1 a5 24. Bd4 Bxd4 25. Nxd4 c5 26. Nb5 Kd7 27. Rhc1 Kc6 28. c4 a4 29. d4 cxd4 30. Rxb4 Kc5 31. Rbb1 a3 32. Rb3 a2 33. Na3 Ra5 34. Rb5+ Rxb5 35. cxb5+ Kb6 36. Kd3 Ra8 37. Nc2 Ra4 38. Ra1 Bc4+ 39. Kd2 d3 40. Ne3 Kxb5 41. Kc3 Ra3+ 42. Kd4 Be6 43. Nd1 Kb4 44. Ke3 Kb3 45. Kd2 Ra6 46. Kxd3 Rd6+ 47. Ke2 Rxd1 48. Rxd1 Kb2 49. Rd2+ Ka3 50. Rd1 Bb3 51. Rf1 Bc4+ 52. Kf2 Bxf1 53. Kxf1 a1Q+ 54. Kf2 Qe5 55. Kf3 Kb4 56. Ke3 Kc4 57. Kf3 Kd4 58. Kf2 Qxe4 59. Kg1 Qe3+ 60. Kh1 Ke4 61. Kh2 Kf4 62. Kh1 Kg3 63. h4 Qe1# 0-1

[Event "POL-chT 2nd League"]
[Site "Jastrzebia Gora"]
[Date "2023.09.06"]
[Round "5.85"]
[White "Romanishin, Oleg M"]
[Black "Stanisz, Patryk"]
[Result "1-0"]
[WhiteElo "2385"]
[BlackElo "2149"]
[PlyCount "105"]
[EventDate "2023.09.02"]
[EventType "team-swiss"]
[EventRounds "9"]
[EventCountry "POL"]
[SourceTitle "CBM 216 Extra"]
[Source "ChessBase"]
[SourceDate "2023.11.30"]
[SourceVersion "1"]
[SourceVersionDate "2023.11.30"]
[SourceQuality "1"]
[WhiteTeam "Konin Hetman"]
[BlackTeam "Zory Roszada"]
[WhiteTeamCountry "POL"]
[BlackTeamCountry "POL"]

1. Nf3 d5 2. g3 g6 3. Bg2 Bg7 4. d4 c6 5. 0-0 Nf6 6. Bf4 Bf5 7. c4 0-0 8. Qc1 Nbd7 9. c5 a5 10. Nc3 Ne4 11. Bh6 b5 12. Bxg7 Kxg7 13. Nh4 Nxc3 14. Nxf5+ gxf5 15. bxc3 e6 16. f3 Qf6 17. e4 Qh6 18. Qc2 f4 19. exd5 fxg3 20. hxg3 Qe3+ 21. Kh2 Qh6+ 22. Bh3 cxd5 23. Rab1 Rfb8 24. Qc1 b4 25. Rb3 Qxc1 26. Rxc1 bxc3 27. Rcxc3 a4 28. Rxb8 Rxb8 29. Bf1 e5 30. c6 exd4 31. Rc1 Rb2+ 32. Kh3 Nb6 33. c7 Nc8 34. Ba6 Na7 35. c8Q Nxc8 36. Rxc8 Rxa2 37. Rc5 Rf2 38. Kg4 a3 39. Rxd5 Rd2 40. Ra5 Ra2 41. Kf4 Ra1 42. Bc4 f6 43. Ra7+ Kf8 44. Ke4 h5 45. Kxd4 Rg1 46. Rxa3 Rxg3 47. Ke4 Rg5 48. Ra7 Re5+ 49. Kf4 Rc5 50. Bd3 Rg5 51. Bf5 Kg8 52. Be6+ Kh8 53. Rf7 1-0

[Event "POL-chT 2nd League"]
[Site "Jastrzebia Gora"]
[Date "2023.09.02"]
[Round "1.115"]
[White "Bielinski, Dariusz"]
[Black "Stanisz, Patryk"]
[Result "0-1"]
[WhiteElo "2129"]
[BlackElo "2149"]
[PlyCount "71"]
[EventDate "2023.09.02"]
[EventType "team-swiss"]
[EventRounds "9"]
[EventCountry "POL"]
[SourceTitle "CBM 216 Extra"]
[Source "ChessBase"]
[SourceDate "2023.11.30"]
[SourceVersion "1"]
[SourceVersionDate "2023.11.30"]
[SourceQuality "1"]
[WhiteTeam "Lubsko Caissa"]
[BlackTeam "Zory Roszada"]
[WhiteTeamCountry "POL"]
[BlackTeamCountry "POL"]

1. d4 d5 2. Nf3 Nf6 3. c4 c6 4. Qc2 g6 5. e3 Bg7 6. Nc3 0-0 7. Be2 c5 8. cxd5 cxd4 9. Nxd4 Nxd5 10. Nxd5 Qxd5 11. Bf3 Qa5+ 12. Bd2 Qb6 13. 0-0 e5 14. Nb3 Bf5 15. e4 Rc8 16. Qd3 Be6 17. Be3 Qa6 18. Nc5 Qxd3 19. Nxd3 Na6 20. Rfc1 Rxc1+ 21. Rxc1 Bxa2 22. b4 b5 23. Ra1 Bc4 24. Rxa6 Bxd3 25. Rxa7 Rxa7 26. Bxa7 Bf8 27. Bc5 Bxc5 28. bxc5 Kf8 29. Bd1 Bxe4 30. Bb3 Ke7 31. f3 Bd3 32. Kf2 Bc4 33. Bc2 b4 34. Ke3 b3 35. Bb1 Ke6 36. Ke4 0-1

[Event "Titled Tuesday intern op 22nd Aug Late"]
[Site "Chess.com INT"]
[Date "2023.08.22"]
[Round "5"]
[White "Kaplan, Avi Harrison"]
[Black "Stanisz, Patryk"]
[Result "1-0"]
[WhiteElo "2090"]
[BlackElo "2150"]
[PlyCount "93"]
[EventDate "2023.08.22"]
[EventType "swiss (blitz)"]
[EventRounds "11"]
[EventCountry "USA"]
[SourceTitle "EXT 2024"]
[Source "ChessBase"]
[SourceDate "2023.10.10"]
[SourceVersion "1"]
[SourceVersionDate "2023.10.10"]
[SourceQuality "1"]

1. g3 d5 2. Bg2 c6 3. b3 Nf6 4. Bb2 Bf5 5. e3 h6 6. Ne2 e6 7. 0-0 Nbd7 8. c4 Be7 9. Nbc3 dxc4 10. bxc4 Bd3 11. Re1 Bxc4 12. d3 Ba6 13. Qa4 0-0 14. d4 Nb6 15. Qc2 Nc4 16. Rab1 Nxb2 17. Rxb2 Qa5 18. Nf4 Nd5 19. Nfxd5 cxd5 20. Qd2 Bb4 21. Rc2 Rac8 22. Rec1 Rc6 23. a3 Qxa3 24. Ra2 Bxc3 25. Rxa3 Bxd2 26. Rxc6 bxc6 27. Rxa6 Ra8 28. Bf1 Bb4 29. Rxc6 a5 30. Ra6 Rc8 31. Bd3 Rc3 32. Ra8+ Bf8 33. Rc8 a4 34. Rxc3 a3 35. Rc8 g6 36. Ra8 Kg7 37. Kg2 Bb4 38. Ra7 Bf8 39. Bb5 Bb4 40. Be8 g5 41. Bxf7 Kf6 42. Bg8 e5 43. Ra6+ Kg7 44. Bxd5 exd4 45. exd4 h5 46. Be4 g4 47. d5 1-0

[Event "Titled Tuesday intern op 22nd Aug Late"]
[Site "Chess.com INT"]
[Date "2023.08.22"]
[Round "7"]
[White "Khalikov, Bulat"]
[Black "Stanisz, Patryk"]
[Result "1-0"]
[WhiteElo "2171"]
[BlackElo "2150"]
[PlyCount "67"]
[EventDate "2023.08.22"]
[EventType "swiss (blitz)"]
[EventRounds "11"]
[EventCountry "USA"]
[SourceTitle "EXT 2024"]
[Source "ChessBase"]
[SourceDate "2023.10.10"]
[SourceVersion "1"]
[SourceVersionDate "2023.10.10"]
[SourceQuality "1"]

1. e4 c5 2. Nf3 Nc6 3. d4 cxd4 4. Nxd4 Nf6 5. Nc3 e5 6. Ndb5 d6 7. Bg5 a6 8. Na3 b5 9. Nd5 Qa5+ 10. Bd2 Qd8 11. Bd3 Nxd5 12. exd5 Ne7 13. 0-0 Nf5 14. f4 g6 15. g4 Qb6+ 16. Rf2 Ne3 17. Bxe3 Qxe3 18. Qf1 Bxg4 19. Re1 Qb6 20. fxe5 0-0-0 21. Kh1 dxe5 22. Rxf7 Bd6 23. c4 b4 24. c5 Bxc5 25. Nc4 Qb8 26. Nxe5 Bd7 27. Bxa6+ Kc7 28. Rc1 Qb6 29. Qc4 Kd6 30. Rf6+ Ke7 31. Rxb6 Bxb6 32. Nxd7 Rxd7 33. Qxb4+ Bc5 34. Qxc5+ 1-0

[Event "Suwalki Warakomska Memorial 7th"]
[Site "Suwalki"]
[Date "2023.08.14"]
[Round "9"]
[White "Stanisz, Patryk"]
[Black "Campos, Maria Jose"]
[Result "1/2-1/2"]
[WhiteElo "2150"]
[BlackElo "2212"]
[PlyCount "62"]
[EventDate "2023.08.07"]
[EventType "swiss"]
[EventRounds "9"]
[EventCountry "POL"]
[SourceTitle "CBM 215 Extra"]
[Source "ChessBase"]
[SourceDate "2023.09.30"]
[SourceVersion "1"]
[SourceVersionDate "2023.09.30"]
[SourceQuality "1"]

1. d4 Nf6 2. c4 e6 3. Nc3 Bb4 4. Qc2 c5 5. dxc5 Bxc5 6. Nf3 Qb6 7. e3 Qc7 8. a3 a6 9. Bd3 b6 10. b4 Be7 11. Bb2 Bb7 12. Ne4 d5 13. Nxf6+ Bxf6 14. Bxf6 gxf6 15. cxd5 Qxc2 16. Bxc2 Bxd5 17. e4 Bb7 18. Ke2 Rg8 19. g3 Nd7 20. Rac1 Ke7 21. Rhd1 Rac8 22. Bd3 Rgd8 23. Ke3 h6 24. Be2 Rg8 25. Nd4 Rh8 26. f4 Rhg8 27. Bf3 Rh8 28. Nb3 Bc6 29. Nd4 Bb7 30. Nb3 Bc6 31. Nd4 Bb7 1/2-1/2

[Event "Suwalki Warakomska Memorial 7th"]
[Site "Suwalki"]
[Date "2023.08.10"]
[Round "5"]
[White "Stanisz, Patryk"]
[Black "Karpus, Michal"]
[Result "1/2-1/2"]
[WhiteElo "2150"]
[BlackElo "2224"]
[PlyCount "94"]
[EventDate "2023.08.07"]
[EventType "swiss"]
[EventRounds "9"]
[EventCountry "POL"]
[SourceTitle "CBM 215 Extra"]
[Source "ChessBase"]
[SourceDate "2023.09.30"]
[SourceVersion "1"]
[SourceVersionDate "2023.09.30"]
[SourceQuality "1"]

1. d4 Nf6 2. c4 e6 3. Nc3 Bb4 4. e3 d5 5. Qa4+ Nc6 6. Nf3 0-0 7. Bd2 Re8 8. a3 Bf8 9. Rd1 h6 10. Be2 a6 11. Qc2 b6 12. 0-0 Bb7 13. b4 a5 14. b5 Nb8 15. Bc1 Nbd7 16. Bb2 Bd6 17. Na4 Qe7 18. Ra1 dxc4 19. Ne5 Ne4 20. Nc6 Bxc6 21. bxc6 Ndf6 22. f3 c3 23. Bc1 Ng5 24. Nxc3 e5 25. d5 Bc5 26. Kh1 e4 27. f4 Ngh7 28. Rd1 Rad8 29. Qb3 Nf8 30. Na4 Ng6 31. Bb2 Bd6 32. g3 Qf8 33. Bc4 Ne7 34. Nc3 Ng4 35. Re1 Nf5 36. Nb5 Qe7 37. Nxd6 Nxd6 38. Be2 f5 39. a4 Qf7 40. Kg2 Kh8 41. Rad1 Nf6 42. Rd2 Nc8 43. Bc4 Nd6 44. Be2 Nc8 45. Red1 Nd6 46. h3 Qg6 47. Be5 Nh5 1/2-1/2

[Event "Suwalki Warakomska Memorial 7th"]
[Site "Suwalki"]
[Date "2023.08.09"]
[Round "4"]
[White "Stanisz, Patryk"]
[Black "Ciszewski, Krzysztof"]
[Result "1-0"]
[WhiteElo "2150"]
[BlackElo "2122"]
[PlyCount "87"]
[EventDate "2023.08.07"]
[EventType "swiss"]
[EventRounds "9"]
[EventCountry "POL"]
[SourceTitle "CBM 215 Extra"]
[Source "ChessBase"]
[SourceDate "2023.09.30"]
[SourceVersion "1"]
[SourceVersionDate "2023.09.30"]
[SourceQuality "1"]

1. d4 Nf6 2. c4 g6 3. Nc3 Bg7 4. e4 d6 5. Bd3 0-0 6. Nge2 Nc6 7. 0-0 e5 8. d5 Nd4 9. Nxd4 exd4 10. Nb5 Re8 11. Re1 c5 12. dxc6 bxc6 13. Nxd4 Qb6 14. Nb3 Ng4 15. Qc2 a5 16. a4 Rb8 17. Ra3 d5 18. Bf4 Rb7 19. h3 Qxf2+ 20. Qxf2 Nxf2 21. Kxf2 Bxb2 22. Nxa5 Bxa3 23. Nxb7 Bxb7 24. exd5 Bc5+ 25. Be3 Rxe3 26. Rxe3 cxd5 27. cxd5 Bxd5 28. g3 Kg7 29. Ke2 Bxe3 30. Kxe3 Kf6 31. a5 Bb7 32. Kd4 Kg5 33. Kc5 h5 34. Kb6 Bd5 35. a6 h4 36. gxh4+ Kxh4 37. Kc5 Ba8 38. Bc4 f5 39. Bd5 Bxd5 40. Kxd5 f4 41. a7 f3 42. a8Q Kg3 43. Kd4 f2 44. Qh1 1-0

[Event "Suwalki Warakomska Memorial 7th"]
[Site "Suwalki"]
[Date "2023.08.08"]
[Round "2"]
[White "Stanisz, Patryk"]
[Black "Chyzy, Jakub"]
[Result "1/2-1/2"]
[WhiteElo "2150"]
[BlackElo "2267"]
[PlyCount "206"]
[EventDate "2023.08.07"]
[EventType "swiss"]
[EventRounds "9"]
[EventCountry "POL"]
[SourceTitle "CBM 215 Extra"]
[Source "ChessBase"]
[SourceDate "2023.09.30"]
[SourceVersion "1"]
[SourceVersionDate "2023.09.30"]
[SourceQuality "1"]

1. d4 Nf6 2. c4 e6 3. Nf3 d5 4. Nc3 Be7 5. Bf4 0-0 6. e3 a6 7. cxd5 exd5 8. Qc2 b6 9. Bd3 c5 10. dxc5 bxc5 11. 0-0 Bb7 12. Rfd1 Nbd7 13. Ne5 Nb6 14. Na4 Nxa4 15. Qxa4 Bd6 16. Nf3 d4 17. Bg3 Qb6 18. exd4 Bxf3 19. gxf3 Bxg3 20. hxg3 cxd4 21. Rd2 Rfd8 22. Rc1 Rd6 23. Rc4 Rad8 24. Rdc2 Qb7 25. Rc6 g6 26. Qxa6 Qb4 27. Kg2 Nd5 28. Rxd6 Rxd6 29. Qa8+ Kg7 30. Qc8 Qe1 31. Qc5 Qe5 32. b4 Rf6 33. Be4 d3 34. Rd2 Qg5 35. Rd1 Nf4+ 36. Kg1 Ne2+ 37. Kf1 Qh6 38. Rxd3 Nc1 39. Kg2 Nxd3 40. Bxd3 Qd2 41. Qc4 Rd6 42. Bc2 Rd4 43. Qc7 Qxb4 44. Bb3 Rd2 45. Qxf7+ Kh6 46. Qa7 Qd4 47. Qxd4 Rxd4 48. f4 Rd3 49. g4 Kg7 50. f3 Rc3 51. Kg3 h6 52. Be6 Kf6 53. Bb3 g5 54. f5 h5 55. gxh5 Kxf5 56. Ba4 Kf6 57. Bb5 Ra3 58. Bc4 Ra4 59. Bb3 Rh4 60. Bc2 Rxh5 61. a4 Rh4 62. Be4 Rh1 63. Bc6 Rg1+ 64. Kf2 Rc1 65. Bb5 Ke5 66. Kg3 Ra1 67. Bc6 Rg1+ 68. Kf2 Rc1 69. Bb7 Ra1 70. Bc6 Kf4 71. Ke2 Rc1 72. Bb7 Rb1 73. Bc6 Rb2+ 74. Kd3 Rb6 75. Be8 Rb8 76. Bc6 Rb6 77. Be8 Kxf3 78. Kc4 g4 79. a5 Rh6 80. Kb5 g3 81. a6 g2 82. a7 g1Q 83. a8Q+ Kf4 84. Qb8+ Ke4 85. Bc6+ Kd3 86. Qd8+ Qd4 87. Qxd4+ Kxd4 88. Be8 Re6 89. Bf7 Re7 90. Bg8 Re5+ 91. Kc6 Re8 92. Bf7 Rf8 93. Ba2 Ra8 94. Bb3 Rc8+ 95. Kd7 Rb8 96. Ba2 Rb6 97. Bg8 Kc5 98. Ba2 Rb7+ 99. Ke8 Kd6 100. Bc4 Rb4 101. Ba2 Rb7 102. Bc4 Re7+ 103. Kf8 Rc7 1/2-1/2

[Event "Titled Tuesday intern op 01st Aug Late"]
[Site "Chess.com INT"]
[Date "2023.08.01"]
[Round "10"]
[White "Korol, Dimitry"]
[Black "Stanisz, Patryk"]
[Result "1-0"]
[WhiteElo "2287"]
[BlackElo "2150"]
[PlyCount "81"]
[EventDate "2023.08.01"]
[EventType "swiss (blitz)"]
[EventRounds "11"]
[EventCountry "USA"]
[SourceTitle "EXT 2024"]
[Source "ChessBase"]
[SourceDate "2023.10.10"]
[SourceVersion "1"]
[SourceVersionDate "2023.10.10"]
[SourceQuality "1"]

1. d4 d5 2. c4 c6 3. Nc3 Nf6 4. e3 e6 5. Nf3 Nbd7 6. Bd3 dxc4 7. Bxc4 b5 8. Be2 b4 9. Na4 c5 10. 0-0 Bb7 11. dxc5 Bxc5 12. Nxc5 Nxc5 13. Bb5+ Ke7 14. Qe2 Qb6 15. b3 Rhd8 16. Bb2 Rac8 17. Rac1 a6 18. Bc4 h6 19. Ne5 Nce4 20. Rfd1 Bd5 21. f3 Nd6 22. Bd3 Bb7 23. Kh1 Nd5 24. Bd4 Qa5 25. Qd2 Nc3 26. Re1 Ndb5 27. Bxb5 axb5 28. Rc2 Ra8 29. Rec1 f6 30. Ng6+ Kf7 31. Qd3 e5 32. Nxe5+ fxe5 33. Qf5+ Kg8 34. Qxe5 Rd7 35. Qe6+ Rf7 36. h3 Qd8 37. Bxc3 bxc3 38. Rxc3 Rxa2 39. Rc7 Qf8 40. Rxb7 Ra8 41. Rcc7 1-0

[Event "Titled Tuesday intern op 01st Aug Late"]
[Site "Chess.com INT"]
[Date "2023.08.01"]
[Round "6"]
[White "Stanisz, Patryk"]
[Black "Dobrijevic, Milan"]
[Result "0-1"]
[WhiteElo "2150"]
[BlackElo "2208"]
[PlyCount "85"]
[EventDate "2023.08.01"]
[EventType "swiss (blitz)"]
[EventRounds "11"]
[EventCountry "USA"]
[SourceTitle "EXT 2024"]
[Source "ChessBase"]
[SourceDate "2023.10.10"]
[SourceVersion "1"]
[SourceVersionDate "2023.10.10"]
[SourceQuality "1"]

1. d4 Nf6 2. c4 g6 3. Nc3 d5 4. Nf3 Bg7 5. Qb3 dxc4 6. Qxc4 a6 7. Bf4 b5 8. Qxc7 Qxc7 9. Bxc7 Nc6 10. e3 Bb7 11. Be2 Rc8 12. Be5 Nxe5 13. Nxe5 Bxg2 14. Rg1 Bb7 15. f3 Nd5 16. Nxd5 Bxd5 17. b3 0-0 18. Kd2 Rfd8 19. f4 f6 20. Nd3 e5 21. fxe5 fxe5 22. dxe5 Be4 23. Rac1 Rxc1 24. Rxc1 Bxe5 25. h4 Bf6 26. h5 g5 27. Rf1 Be7 28. Rd1 Kg7 29. Kc2 Kh6 30. Kc3 Bf6+ 31. Kb4 g4 32. Nf4 Rxd1 33. Bxd1 g3 34. Ka5 Bg5 35. Nh3 Bxe3 36. Kxa6 Bf5 37. Kxb5 Bxh3 38. Bf3 Kg5 39. a4 Kf4 40. Bc6 Bd7 41. Bxd7 g2 42. a5 g1Q 43. b4 0-1

[Event "Titled Tuesday intern op 01st Aug Late"]
[Site "Chess.com INT"]
[Date "2023.08.01"]
[Round "11"]
[White "Stanisz, Patryk"]
[Black "Feliz Dotel, Dewar Bienvenido"]
[Result "0-1"]
[WhiteElo "2150"]
[BlackElo "1984"]
[PlyCount "98"]
[EventDate "2023.08.01"]
[EventType "swiss (blitz)"]
[EventRounds "11"]
[EventCountry "USA"]
[SourceTitle "EXT 2024"]
[Source "ChessBase"]
[SourceDate "2023.10.10"]
[SourceVersion "1"]
[SourceVersionDate "2023.10.10"]
[SourceQuality "1"]

1. Nf3 d5 2. d4 e6 3. c4 c5 4. e3 cxd4 5. exd4 Nf6 6. Nc3 Nc6 7. Bd3 dxc4 8. Bxc4 Be7 9. 0-0 0-0 10. Bf4 a6 11. h3 b5 12. Bb3 Na5 13. Bc2 Bb7 14. Ne5 Rc8 15. Rc1 Nc4 16. b3 Nxe5 17. dxe5 Nd5 18. Nxd5 Qxd5 19. Qg4 h5 20. Qg3 Bh4 21. Qh2 Rfd8 22. Rfd1 Qxd1+ 23. Rxd1 Rxc2 24. Rxd8+ Bxd8 25. Qg3 Bb6 26. Be3 Bxe3 27. Qxe3 Rxa2 28. Qg5 Bd5 29. b4 Ra1+ 30. Kh2 Rb1 31. Qe7 Rb2 32. Qe8+ Kh7 33. Qxf7 Rxb4 34. Qxh5+ Kg8 35. Qe8+ Kh7 36. Kg3 Rb3+ 37. f3 a5 38. Qh5+ Kg8 39. Qe8+ Kh7 40. Kf4 Rb4+ 41. Kg5 Rb2 42. g4 Re2 43. Qh5+ Kg8 44. f4 Rc2 45. Qe8+ Kh7 46. Qxb5 Rc3 47. h4 Rg3 48. Qxa5 Bf3 49. h5 Rxg4# 0-1

[Event "Titled Tuesday intern op 01st Aug Late"]
[Site "Chess.com INT"]
[Date "2023.08.01"]
[Round "9"]
[White "Stanisz, Patryk"]
[Black "Rodriguez Santiago, Jaime"]
[Result "1-0"]
[WhiteElo "2150"]
[BlackElo "2020"]
[PlyCount "79"]
[EventDate "2023.08.01"]
[EventType "swiss (blitz)"]
[EventRounds "11"]
[EventCountry "USA"]
[SourceTitle "EXT 2024"]
[Source "ChessBase"]
[SourceDate "2023.10.10"]
[SourceVersion "1"]
[SourceVersionDate "2023.10.10"]
[SourceQuality "1"]

1. d4 Nf6 2. c4 e6 3. Nc3 Bb4 4. e3 0-0 5. Nge2 d5 6. a3 Be7 7. cxd5 exd5 8. g3 c6 9. Bg2 Bg4 10. f3 Bd7 11. 0-0 Na6 12. e4 dxe4 13. fxe4 Bg4 14. Qb3 Qd7 15. Be3 h6 16. e5 Nd5 17. Nxd5 cxd5 18. Nc3 Nc7 19. Nxd5 Nxd5 20. Qxd5 Qxd5 21. Bxd5 Rab8 22. Rac1 Bd8 23. Kg2 Bb6 24. h3 Bh5 25. e6 fxe6 26. Bxe6+ Kh8 27. Bf4 Rbe8 28. d5 Bg6 29. Bd6 Be4+ 30. Kh2 Rxf1 31. Rxf1 Rd8 32. Rf8+ Rxf8 33. Bxf8 Kh7 34. d6 Bc5 35. d7 Bb6 36. Be7 Bg2 37. Kxg2 Bd8 38. Bxd8 b6 39. Bxb6 a5 40. d8Q 1-0

[Event "Titled Tuesday intern op 20th Jun Late"]
[Site "Chess.com INT"]
[Date "2023.06.20"]
[Round "7"]
[White "Shuvalov, Evgenij"]
[Black "Stanisz, Patryk"]
[Result "1/2-1/2"]
[WhiteElo "2038"]
[BlackElo "2161"]
[PlyCount "147"]
[EventDate "2023.06.20"]
[EventType "swiss (blitz)"]
[EventRounds "11"]
[EventCountry "USA"]
[SourceTitle "EXT 2024"]
[Source "ChessBase"]
[SourceDate "2023.10.10"]
[SourceVersion "1"]
[SourceVersionDate "2023.10.10"]
[SourceQuality "1"]

1. d4 d5 2. c4 c6 3. Nf3 Nf6 4. Nc3 e6 5. e3 Nbd7 6. Bd3 dxc4 7. Bxc4 b5 8. Bd3 b4 9. Ne4 c5 10. dxc5 Bxc5 11. Nxc5 Nxc5 12. Bb5+ Ke7 13. 0-0 Qb6 14. Nd4 Bb7 15. Be2 Rhd8 16. Bf3 Kf8 17. Bxb7 Qxb7 18. Qf3 Nce4 19. Qh3 Rd5 20. f3 Rh5 21. Nxe6+ Kg8 22. Qxh5 Nxh5 23. Nd4 Nc5 24. e4 Rd8 25. Be3 Ne6 26. Nf5 Nhf4 27. Rf2 g6 28. Nh6+ Kg7 29. Ng4 f6 30. Rc2 Rc8 31. Rac1 Rxc2 32. Rxc2 Qd7 33. Nf2 g5 34. g3 Ng6 35. Kg2 h5 36. Rd2 Qa4 37. b3 Qa6 38. Nd3 Qb5 39. Bxa7 h4 40. Be3 hxg3 41. hxg3 Ne5 42. Nxe5 fxe5 43. Rd5 Qe2+ 44. Bf2 Nd4 45. Rxe5 Qxf3+ 46. Kg1 Ne2+ 47. Kf1 Nxg3+ 48. Kg1 Nxe4 49. Bd4 Qg3+ 50. Kf1 Nd2+ 51. Ke2 Qg2+ 52. Kd3 Kg6 53. Re2 Qd5 54. Rxd2 g4 55. Re2 g3 56. Re5 Qf3+ 57. Re3 Qf1+ 58. Ke4 g2 59. Rg3+ Kh5 60. Be3 Qe1 61. Rg5+ Kh4 62. Rg7 Qb1+ 63. Kf4 Qf1+ 64. Ke4 Kh5 65. Rg5+ Kh4 66. Rg7 Kh3 67. Rh7+ Kg4 68. Rg7+ Kh4 69. Rh7+ Kg3 70. Rg7+ Kh4 71. Rh7+ Kg4 72. Rg7+ Kh5 73. Rg5+ Kh4 74. Rg7 1/2-1/2

[Event "Titled Tuesday intern op 20th Jun Late"]
[Site "Chess.com INT"]
[Date "2023.06.20"]
[Round "3"]
[White "Stanisz, Patryk"]
[Black "Berezin, Viktor1"]
[Result "0-1"]
[WhiteElo "2161"]
[BlackElo "2307"]
[PlyCount "88"]
[EventDate "2023.06.20"]
[EventType "swiss (blitz)"]
[EventRounds "11"]
[EventCountry "USA"]
[SourceTitle "EXT 2024"]
[Source "ChessBase"]
[SourceDate "2023.10.10"]
[SourceVersion "1"]
[SourceVersionDate "2023.10.10"]
[SourceQuality "1"]

1. d4 Nf6 2. c4 g6 3. Nc3 Bg7 4. e4 0-0 5. Be2 d6 6. g4 c5 7. d5 e6 8. g5 Ne8 9. Be3 exd5 10. cxd5 a6 11. a4 f5 12. gxf6 Nxf6 13. h4 Qe7 14. Qc2 Bg4 15. f3 Bc8 16. Nh3 Nbd7 17. Ng5 Ne5 18. 0-0-0 b5 19. f4 Neg4 20. Bg1 h6 21. Ne6 Bxe6 22. dxe6 Qxe6 23. Nd5 Qf7 24. Bf3 bxa4 25. e5 dxe5 26. fxe5 Nxe5 27. Nxf6+ Qxf6 28. Bxa8 Rxa8 29. Bxc5 Rc8 30. Kb1 a3 31. Qb3+ Kh7 32. Bd4 Qf5+ 33. Ka2 axb2 34. Rhf1 b1Q+ 35. Qxb1 Rc2+ 36. Kb3 Nf3 37. Qxc2 Qb5+ 38. Ka2 Nxd4 39. Rxd4 Qxf1 40. Rd2 Qf7+ 41. Qb3 Qf4 42. Qc2 Qxh4 43. Re2 Qf6 44. Qb3 Qa1# 0-1

[Event "Titled Tuesday intern op 20th Jun Late"]
[Site "Chess.com INT"]
[Date "2023.06.20"]
[Round "8"]
[White "Stanisz, Patryk"]
[Black "Myradow, Soltan"]
[Result "0-1"]
[WhiteElo "2161"]
[BlackElo "2233"]
[PlyCount "52"]
[EventDate "2023.06.20"]
[EventType "swiss (blitz)"]
[EventRounds "11"]
[EventCountry "USA"]
[SourceTitle "EXT 2024"]
[Source "ChessBase"]
[SourceDate "2023.10.10"]
[SourceVersion "1"]
[SourceVersionDate "2023.10.10"]
[SourceQuality "1"]

1. d4 Nf6 2. c4 g6 3. Nc3 Bg7 4. e4 0-0 5. Be2 c5 6. d5 d6 7. g4 b5 8. cxb5 a6 9. bxa6 Bxa6 10. g5 Nfd7 11. h4 Qa5 12. Bd2 Qb6 13. Rb1 Ne5 14. Be3 Bxe2 15. Qxe2 Qa6 16. Qxa6 Nxa6 17. Ke2 Rfb8 18. Nf3 Nc4 19. Nd1 Nxb2 20. Nxb2 Bxb2 21. h5 Bg7 22. hxg6 hxg6 23. a3 Nc7 24. Nd2 Nb5 25. Nc4 Nc3+ 26. Kd3 Rxb1 0-1